100 najlepszych reprezentacji w piłce nożnej. - Statystyki

Ogólne statystyki
  • Ten quiz został rozwiązany 309 razy
    87 od ostatniego zresetowania
  • Średni wynik to 63 z 100
Statystyki odpowiedzi
Odpowiedź: % Poprawnych
Polska
92%
Stany Zjednoczone
88%
Francja
87%
Kanada
85%
Meksyk
85%
Słowacja
85%
Ukraina
85%
Argentyna
83%
Hiszpania
83%
Niemcy
83%
Austria
82%
Brazylia
82%
Czechy
82%
Anglia
80%
Australia
80%
Portugalia
80%
Słowenia
80%
Szwecja
80%
Włochy
80%
Chorwacja
78%
Finlandia
78%
Japonia
78%
Szwajcaria
78%
Belgia
77%
Chile
77%
Holandia
77%
Kolumbia
77%
Norwegia
77%
Serbia
77%
Turcja
77%
Irlandia
75%
Jamajka
75%
Maroko
75%
Rumunia
75%
Urugwaj
75%
Wenezuela
75%
Egipt
73%
Ekwador
73%
Grecja
73%
Kostaryka
73%
Nowa Zelandia
73%
Bułgaria
72%
Chiny
72%
Panama
72%
Szkocja
72%
Walia
72%
Dania
70%
Republika Południowej Afryki
70%
Senegal
70%
Węgry
70%
Arabia Saudyjska
68%
Gruzja
68%
Honduras
68%
Iran
68%
Korea Południowa
68%
Macedonia Północna
68%
Paragwaj
68%
Peru
68%
Boliwia
67%
Bośnia i Hercegowina
67%
Islandia
67%
Albania
63%
Demokratyczna Republika Konga
63%
Irak
63%
Katar
63%
Algieria
62%
Haiti
62%
Kazachstan
58%
Nigeria
58%
Armenia
57%
Czarnogóra
57%
Kosowo
57%
Ghana
55%
Kamerun
55%
Angola
52%
Irlandia Północna
52%
Tunezja
52%
Wybrzeże Kości Słoniowej
52%
Oman
50%
Uzbekistan
50%
Salwador
47%
Libia
43%
Syria
43%
Zjednoczone Emiraty Arabskie
43%
Gabon
38%
Jordania
38%
Madagaskar
38%
Zambia
38%
Bahrajn
35%
Gwinea
35%
Mali
32%
Uganda
32%
Gwinea Równikowa
30%
Tadżykistan
30%
Benin
23%
Kirgistan
23%
Republika Zielonego Przylądka
23%
Burkina Faso
22%
Komory
13%
Curcao
0%
Nie znaleziono quizów pasujących do podanych kryteriów
Rozkład punktacji
Procent ludzi z każdym wynikiem
Percentyl według liczby udzielonych odpowiedzi
Twoja historia wyników
Nie rozwiązałeś tego quizu od ostatniego zresetowania